Comparative law / (Record no. 21998)
[ view plain ]
| 000 -LEADER | |
|---|---|
| fixed length control field | 02178cam a22002895a 4500 |
| 001 - CONTROL NUMBER | |
| control field | 17966773 |
| 005 - DATE AND TIME OF LATEST TRANSACTION | |
| control field | 20160721132646.0 |
| 008 - FIXED-LENGTH DATA ELEMENTS--GENERAL INFORMATION | |
| fixed length control field | 131209s2014 enka frb f001 0 eng d |
| 020 ## - INTERNATIONAL STANDARD BOOK NUMBER | |
| International Standard Book Number | 9780521177177 (paperback) |
| 020 ## - INTERNATIONAL STANDARD BOOK NUMBER | |
| International Standard Book Number | 0521177170 (paperback) |
| 040 ## - CATALOGING SOURCE | |
| Original cataloging agency | DLC |
| Language of cataloging | eng |
| Transcribing agency | DLC |
| Modifying agency | EG-ScBUE |
| 082 04 - DEWEY DECIMAL CLASSIFICATION NUMBER | |
| Edition number | 22 |
| Classification number | 340.2 |
| Item number | SIE |
| 100 1# - MAIN ENTRY--PERSONAL NAME | |
| Personal name | Siems, Mathias M., |
| Dates associated with a name | 1974- |
| 9 (RLIN) | 40383 |
| 245 10 - TITLE STATEMENT | |
| Title | Comparative law / |
| Statement of responsibility, etc | Mathias Siems. |
| 260 ## - PUBLICATION, DISTRIBUTION, ETC. (IMPRINT) | |
| Place of publication, distribution, etc | Cambridge : |
| Name of publisher, distributor, etc | Cambridge University Press, |
| Date of publication, distribution, etc | 2014. |
| 300 ## - PHYSICAL DESCRIPTION | |
| Extent | xx, 416 p. : |
| Other physical details | ill. ; |
| Dimensions | 26 cm. |
| 490 0# - Series Statement | |
| Series statement | Law in context. |
| 500 ## - GENERAL NOTE | |
| General note | Index : p. [401]-416. |
| 504 ## - BIBLIOGRAPHY, ETC. NOTE | |
| Bibliography, etc | Bibliography : p. 318-400. |
| 505 1# - FORMATTED CONTENTS NOTE | |
| Formatted contents note | Introduction -- Part I. Traditional Comparative Law -- The comparative legal method -- Common law and civil law -- Mapping the world's legal systems; Part II. Extending the Methods of Comparative Law -- Postmodern comparative law -- Socio-legal comparative law -- Numerical comparative law -- Part III: Global Comparative Law -- Legal transplants -- Fading state borders -- Comparative law and development -- Part IV. Comparative Law as an Open Subject -- Implicit comparative law -- Outlook. |
| 520 ## - SUMMARY, ETC. | |
| Summary, etc | "This book presents a fresh contextualised and cosmopolitan perspective on comparative law for both students and scholars. It critically discusses established approaches to comparative law, but also presents more modern ones, such as socio-legal and numerical comparative law. Its contextualised approach draws on examples from politics, economics and development studies to provide an original contribution to topics of comparative law"-- |
| 520 ## - SUMMARY, ETC. | |
| Summary, etc | "This book presents a fresh contextualised and cosmopolitan perspective on comparative law for both students and scholars. It critically discusses established approaches to comparative law, but also presents more modern ones, such as socio-legal and numerical comparative law. Its con-textualised approach draws on examples from politics, eco-nomics and development studies to provide an original con-tribution to topics of comparative law"-- |
| 650 #7 - SUBJECT ADDED ENTRY--TOPICAL TERM | |
| Topical term or geographic name as entry element | Comparative law. |
| Source of heading or term | BUEsh |
| 9 (RLIN) | 40384 |
| 651 ## - SUBJECT ADDED ENTRY--GEOGRAPHIC NAME | |
| Source of heading or term | BUEsh |
| 653 ## - INDEX TERM--UNCONTROLLED | |
| Resource For college | Law |
| Arrived date list | July2016 |
| 942 ## - ADDED ENTRY ELEMENTS (KOHA) | |
| Source of classification or shelving scheme | Dewey Decimal Classification |
| Withdrawn status | Item status | Source of classification or shelving scheme | Damaged status | Not for loan | Vendor | Home library | Current library | Shelving location | Date acquired | Source of acquisition | Cost, normal purchase price | Serial Enumeration / chronology | Total Checkouts | Full call number | Barcode | Date last seen | Date last borrowed | Cost, replacement price | Koha item type | Total Renewals |
|---|---|---|---|---|---|---|---|---|---|---|---|---|---|---|---|---|---|---|---|---|
| Dewey Decimal Classification | Baccah | Central Library | Central Library | First floor | 21/07/2016 | Purchase | 756.00 | 26080 | 2 | 340.2 SIE | 000032976 | 15/07/2025 | 16/03/2023 | 945.00 | Book - Borrowing | |||||
| Dewey Decimal Classification | Baccah | Central Library | Central Library | First floor | 21/07/2016 | Purchase | 756.00 | 26080 | 7 | 340.2 SIE | 000032977 | 15/07/2025 | 13/05/2023 | 945.00 | Book - Borrowing | 10 |